00759nam a2200217Ia 4500003000900000008004100009020001800050040001600068080001600084100002600100245015100126260003500277300000900312650004100321650001200362650002700374700002600401942000700427999001500434952009200449IN-BaIIA211028s9999 xx 000 0 eng d a0-531-00848-7 cIIA Library a551.24bYOU aYoung, Patrick910119 0aDrifting continents, shifting seasban introduction to plate tectonicscPatrick Young and Rod Slater  aNew YorkbFranklin Wattsc1976 a89p. aAstronomy and astrophysics thesaurus aGeology aPlate tectonics910120 aYoung, Patrick910119 cBK c5844d5844 00104070aBANbBANcGENd1978-06-14l0o551.24/ YOUp6537r2021-11-05w1978-06-14yBK